| 000 | 00708nam a2200205Ia 4500 | ||
|---|---|---|---|
| 999 |
_c39890 _d39890 |
||
| 001 | 6495 | ||
| 003 | GE_BSU | ||
| 005 | 20191010121559.0 | ||
| 008 | 181216s1933||||ge |||||||||||||| ||ge || | ||
| 040 | _cGE_BSU | ||
| 041 | _ageo | ||
| 080 | _a821.353.1-32 ბ-45 | ||
| 100 |
_aბელიაშვილი, აკაკი _94491 |
||
| 245 |
_aცხოვრების ხმაურში : _bმოთხრობა / |
||
| 264 |
_aტფილისი : _bსახელმწიფო გამომცემლობა ; _c1933. |
||
| 300 |
_a64 გვ; _c17 სმ. |
||
| 653 | _aცხოვრების ხმაურში | ||
| 653 | _aმოთხრობა | ||
| 942 |
_cBK _2udc |
||